Statistics for Supernatural Episode Titles

Click here to take the quiz!

General Stats

  • This quiz has been taken 105 times
  • The average score is 48 of 327

Answer Stats

HintAnswer% Correct
S1Pilot
95%
S1Wendigo
90%
S1Bloody Mary
67%
S1Bugs
67%
S15Carry On
62%
S1Dead in the water
62%
S1Skin
62%
S1Phantom Traveller
57%
S1Home
52%
S1Asylum
48%
S1Hookman
48%
S3Mystery Spot
48%
S1Nightmare
48%
S1Scarecrow
48%
S1The Benders
48%
S14The Scar
48%
S1Devils trap
43%
S2Everybody Loves a Clown
43%
S1Faith
43%
S2In My Time of Dying
43%
S4Lazarus Rising
43%
S4Yellow Fever
43%
S2All Hell Breaks Loose: Part 1
38%
S5Changing Channels
38%
S4Lucifer Rising
38%
S5Swan Song
38%
S6The French Mistake
38%
S2All Hell Breaks Loose: Part 2
33%
S4Are You There, God? It's Me, Dean Winchester
33%
S2Born Under a Bad Sign
33%
S1Dead mans blood
33%
S10Fan Fiction
33%
S3Ghostfacers!
33%
S2Heart
33%
S1Hell House
33%
S4It's the Great Pumpkin, Sam Winchester
33%
S1Route 666
33%
S1Salvation
33%
S1Shadow
33%
S5The Curious Case of Dean Winchester
33%
S6Weekend at Bobby's
33%
S2Bloodlust
29%
S2Children Shouldn't Play With Dead Things
29%
S2Croatoan
29%
S5Hammer of the Gods
29%
S4I Know What You Did Last Summer
29%
S1Provenance
29%
S1Something wicked
29%
S2Tall Tales
29%
S5The End
29%
S3The Magnificent Seven
29%
S6The Third Man
29%
S11Alpha and Omega
24%
S11Baby
24%
S2Crossroad Blues
24%
S4Monster Movie
24%
S2Night Shifter
24%
S2No Exit
24%
S3No Rest for the Wicked
24%
S2Playthings
24%
S13Scoobynatural
24%
S7The Girl with the Dungeons and Dragons Tattoo
24%
S3The Kids are Alright
24%
S9#THINMAN
24%
S5Abandon All Hope
19%
S3A Very Supernatural Christmas
19%
S8Bitten
19%
S10Black
19%
S5Dark Side of the Moon
19%
S5Dead Men Don't Wear Plaid
19%
S15Despair
19%
S11Don't Call Me Shurley
19%
S3Dream a Little Dream of Me
19%
S6Exile on Main St.
19%
S2Folsom Prison Blues
19%
S3Fresh Blood
19%
S10Girls, Girls, Girls
19%
S5Good God, Y'all!
19%
S2Hunted
19%
S5I Believe the Children Are Our Future
19%
S9I'm No Angel
19%
S3Jus in Bello
19%
S12LOTUS
19%
S9Meta Fiction
19%
S6Mommy Dearest
19%
S5Point of No Return
19%
S12Regarding Dean
19%
S2Road Kill
19%
S5Sam, Interrupted
19%
S7Season Seven, Time for a Wedding!
19%
S2Simon Said
19%
S5Sympathy for the Devil
19%
S6The Man Who Would Be King
19%
S2The Usual Suspects
19%
S6Two and a Half Men
19%
S8We Need to Talk About Kevin
19%
S4After School Special
14%
S12All Along the Watchtower
14%
S10Angel Heart
14%
S3Bad Day at Black Rock
14%
S10Brother's Keeper
14%
S6Clap Your Hands If You Believe
14%
S7Death's Door
14%
S9Dog Dean Afternoon
14%
S5Fallen Idols
14%
S6Family Matters
14%
S5Free to Be You and Me
14%
S6Frontierland
14%
S2Hollywood Babylon
14%
S2Houses of the Holy
14%
S4It's a Terrible Life
14%
S4Jump the Shark
14%
S5My Bloody Valentine
14%
S6My Heart Will Go On
14%
S13Patience
14%
S3Red Sky at Morning
14%
S9Road Trip
14%
S8Sacrifice
14%
S4Sex and Violence
14%
S9Sharp Teeth
14%
S10Soul Survivor
14%
S5Swap Meat
14%
S5The Devil You Know
14%
S6The Man Who Knew Too Much
14%
S4The Rapture
14%
S5The Real Ghostbusters
14%
S7The Slice Girls
14%
S5The Song Remains the Same
14%
S13The Thing
14%
S8What's Up, Tiger Mommy?
14%
S4When the Levee Breaks
14%
S6You Can't Handle the Truth
14%
S599 Problems
10%
S10About A Boy
10%
S8A Little Slice of Kevin
10%
S9Bad Boys
10%
S3Bedtime Stories
10%
S9Blade Runners
10%
S8Blood Brother
10%
S10Book of the Damned
10%
S6Caged Heat
10%
S9Captives
10%
S8Citizen Fang
10%
S10Dark Dynasty
10%
S4Death Takes a Holiday
10%
S11Don't You Forget About Me
10%
S9Do You Believe in Miracles
10%
S12First Blood
10%
S9First Born
10%
S15Galaxy Brain
10%
S8Goodbye Stranger
10%
S8Heartache
10%
S4Heaven and Hell
10%
S7How To Win Friends and Influence Monsters
10%
S10Inside Man
10%
S4In the Beginning
10%
S9I Think I'm Gonna Like It Here
10%
S14Jack in the Box
10%
S11Just My Imagination
10%
S12Keep Calm and Carry On
10%
S9King of the Damned
10%
S8LARP and The Real Girl
10%
S6Like A Virgin
10%
S12Lily Sunder Has Some Regrets
10%
S6Live Free or Twi-hard
10%
S13Lost and Found
10%
S3Malleus Maleficarum
10%
S12Mamma Mia
10%
S7Meet the New Boss
10%
S4Metamorphosis
10%
S14Moriah
10%
S9Mother's Little Helper
10%
S7Of Grave Importance
10%
S4On the Head of a Pin
10%
S15Our Father, Who Aren't In Heaven
10%
S14Ouroboros
10%
S11Out of the Darkness, Into the Fire
10%
S7Out With The Old
10%
S8Pac-Man Fever
10%
S10Paper Moon
10%
S7Party On, Garth
10%
S11Plush
10%
S7Reading is Fundamental
10%
S7Repo Man
10%
S7Slash Fiction
10%
S8Southern Comfort
10%
S12Stuck in the Middle (With You)
10%
S7Survival of The Fittest
10%
S7The Born-Again Identity
10%
S12The British Invasion
10%
S11The Chitters
10%
S10The Executioner's Song
10%
S7The Girl Next Door
10%
S10The Hunter Games
10%
S7The Mentalists
10%
S12The One You've Been Waiting For
10%
S9The Purge
10%
S10There's No Place like Home
10%
S12There's Something About Mary
10%
S7There Will Be Blood
10%
S15The Rupture
10%
S14The Spear
10%
S10The Things We Left Behind
10%
S10The Werther Project
10%
S11Thin Lizzie
10%
S3Time Is On My Side
10%
S13Tombstone
10%
S8Trial and Error
10%
S5Two Minutes to Midnight
10%
S13Wayward Sisters
10%
S4Wishful Thinking
10%
S14Absence
5%
S13Advanced Thanatology
5%
S7Adventures in Babysitting
5%
S9Alex Annie Alexis Ann
5%
S6All Dogs Go To Heaven
5%
S11All in the Family
5%
S12American Nightmare
5%
S13A Most Holy Man
5%
S6...And Then There Were None
5%
S6Appointment In Samarra
5%
S10Ask Jeeves
5%
S8As Time Goes By
5%
S13Beat the Devil
5%
S11Beyond the Mat
5%
S9Bloodlines
5%
S13Breakdown
5%
S13Bring 'em Back Alive
5%
S14Byzantium
5%
S12Celebrating the Life of Asa Fox
5%
S8Clip Show
5%
S4Criss Angel Is a Douche Bag
5%
S14Damaged Goods
5%
S7Defending Your Life
5%
S13Devil's Bargain
5%
S14Don't Go in the Woods
5%
S15Drag Me Away (From You)
5%
S8Everybody Hates Hitler
5%
S13Exodus
5%
S12Family Feud
5%
S4Family Remains
5%
S11Form and Void
5%
S8Freaks and Geeks
5%
S13Funeralia
5%
S14Game Night
5%
S15Gimme Shelter
5%
S14Gods and Monsters
5%
S15Golden Time
5%
S13Good Intentions
5%
S10Halt & Catch Fire
5%
S9Heaven Can't Wait
5%
S7Hello, Cruel World
5%
S11Hell's Angel
5%
S10Hibbing 911
5%
S9Holy Terror
5%
S8Hunteri Heroici
5%
S11Into the Mystic
5%
S12Ladies Drink Free
5%
S15Last Call
5%
S15Last Holiday
5%
S6Let It Bleed
5%
S13Let the Good Times Roll
5%
S3Long-Distance Call
5%
S6Mannequin 3: The Reckoning
5%
S8Man's Best Friend With Benefits
5%
S14Mint Condition
5%
S14Nightmare Logic
5%
S14Nihilism
5%
S11O Brother Where Art Thou?
5%
S14Optimism
5%
S10Paint it Black
5%
S14Peace of Mind
5%
S14Prophet and Loss
5%
S15Proverbs 17:3
5%
S15Raising Hell
5%
S11Red Meat
5%
S10Reichenbach
5%
S8Remember the Titans
5%
S9Rock and a Hard Place
5%
S12Rock Never Dies
5%
S11Safe House
5%
S7Shut Up, Dr. Phil
5%
S3Sin City
5%
S9Slumber Party
5%
S12Somewhere Between Heaven and Hell
5%
S9Stairway to Heaven
5%
S14Stranger in a Strange Land
5%
S8Taxi Driver
5%
S13The Bad Place
5%
S11The Bad Seed
5%
S13The Big Empty
5%
S11The Devil in the Details
5%
S9The Devil May Care
5%
S12The Foundry
5%
S12The Future
5%
S15The Gamblers
5%
S8The Great Escapist
5%
S15The Heroes’ Journey
5%
S12The Memory Remains
5%
S10The Prisoner
5%
S12The Raid
5%
S13The Rising Son
5%
S10The Things They Carried
5%
S15The Trap
5%
S11The Vessel
5%
S8Torn and Frayed
5%
S12Twigs & Twine & Tasha Banes
5%
S13Unfinished Business
5%
S6Unforgiven
5%
S14Unhuman Nature
5%
S15Unity
5%
S13Various & Sundry Villains
5%
S13War of the Worlds
5%
S11We Happy Few
5%
S12Who We Are
5%
S15Atomic Monsters
0%
S15Back To The Future
0%
S15Destiny's Child
0%
S15Inherit the Earth
0%
S14Lebanon (300th episode)
0%
S11Love Hurts
0%
S11Our Little World
0%
S7Plucky Pennywhistle's Magic Menagerie
0%
S4The Monster at the End of This Book - fka Stranger than Fiction
0%
S13The Scorpion and the Frog
0%
S7Time after Time after Time
0%
S2What Is and What Should Never Be - aka I Dream of Genie
0%

Score Distribution

Percentile by Number Answered

Percent of People with Each Score

Your Score History

You have not taken this quiz